000 00989nas a2200313 4500
001 BR0502570
003 BR-BrBNA
005 20231205105416.0
007 ta
008 230509b bl.|||p| |||| 00| 00por d
040 _aBR-BrBNA
_bpor
_cBiblioteca Nacional de Agricultura
041 _a(Pt)
072 _aQ60; L01
100 1 _aJacinto, M.A.C.
100 1 _aSilva Sobrinho, A.G. da
100 1 _aCosta, R.G.
245 1 _aCaracterísticas anátomo-estruturais da pele de ovinos (Ovis áries L.)lanados e deslanados, relacionadas com o aspecto físico-mecânico do couro
650 _aOVINO
650 _aRAÇA
650 _aCOURO
650 _aCURTUME
650 _aPELE
650 _aQUALIDADE
650 _aPROPRIEDADE FÍSICO-QUÍMICA
650 _aPROPRIEDADE MECÂNICA
773 0 _tRevista Brasileira de Zootecnia (Brazil)
_xISSN 1516-3598
_g(Jul-Aug 2004), v. 33(4) p. 1001-1008
_wBR0502570
909 _a202311
_bLúcia
_c55
_dLúcia Elande
942 _2AGRIS
_n0
_cANA
999 _c182826
_d182826